Iron Chefs (Original) Quiz Stats

 Plays Quiz Updated Mar 25, 2020

     
Support Sporcle.
Go Orange.
Score 0/7 Timer 02:00
0 Plays Today
Style Iron Chef % Correct
Japanese (third)Masaharu Morimoto
90.9%
ChineseChen Kenichi
49.5%
French (second)Hiroyuki Sakai
46.7%
ItalianMasahiko Kobe
27.6%
Japanese (first)Rokusaburo Michiba
20%
Japanese (second)Koumei Nakamura
10.6%
French (first)Yutake Ishinabe
9%

From the Vault

Doubled Things

by SporcleAdmin

We insist that you take this quiz twice to satisfy the irony of it all.
Remove Ads.
Support Sporcle.
Get the best of Sporcle when you Go Orange. This ad-free experience offers more features, more stats, and more fun while also helping to support Sporcle. Thank you for becoming a member.

Show Comments

Extras

Top Quizzes Today


Score Distribution

Your Account Isn't Verified!

In order to create a playlist on Sporcle, you need to verify the email address you used during registration. Go to your Sporcle Settings to finish the process.

Report this User

Report this user for behavior that violates our Community Guidelines.

Details: